LEADER 00942nam 2200265 450 001 996710480703316 005 20260226100202.0 100 $a20260226d1989----km y0itay5003 ba 101 0 $aita 102 $aIT 105 $ay 00 y 200 1 $aEsortazione apostolica post-sinodale di Giovanni Paolo 2. su vocazione e missione dei laici nella Chiesa e nel mondo 210 $aPagani$c[s.n.]$d1989 215 $a94 p.$d21 cm 300 $aIn copertina: Araldi della croce. - Christifideles laici, n. 10 (ott. 1989) 606 0 $aLaici$xVocazione religiosa$2BNCF 676 $a262.15 700 1$aIoannes Paulus II $0728394 801 0$aIT$bcba$gREICAT 912 $a996710480703316 951 $aXVI.7.Misc. 2523$b2572 FBUO$cXVI.7.Misc. 959 $aBK 969 $aFBUO 996 $aEsortazione apostolica post-sinodale di Giovanni Paolo 2. su vocazione e missione dei laici nella Chiesa e nel mondo$94544734 997 $aUNISA